000 00995nam a22002417a 4500
003 OSt
005 20180928132108.0
008 180220b xxu||||| |||| 00| 0 spa d
020 _a9505080850
040 _cPJ
100 _91936
_aMaurino, Alberto Luis
245 1 0 _aNotificaciones procesales :
_bautomática, personal o por cédula, tácita, postal y telegráfica, edictal /
_cAlberto Luis Maurino; prólogo de Augusto C. Belluscio.
260 _aBuenos Aires :
_cAstrea,
_b1990.
300 _axxxii, 324 p.
_c23 cm.
500 _aNotas y citas bibliográficas a pie de página.
504 _aBibliografía: p. 303-308.
505 _aContenido: Domicilio real, legal, especial y procesal. Demanda y juicio de desalojo. Nulidad de la notificación.
650 0 _91148
_aDERECHO PROCESAL CIVIL
650 0 _92150
_aACTOS Y DILIGENCIAS PROCESALES
650 0 _92426
_aNOTIFICACIÓN
700 _91040
_aBelluscio, Augusto César,
_eprologuista
942 _2udc
_cLIB
_h347.923
_iMAU
999 _c1595
_d1595